00321nam a2200109Ia 4500008004100000082000800041100001400049245003300063942000600096952009400102999001500196240331s9999 xx 000 0 und d bMEN aMendis, R 0aMy son Lia and other stories cL 001040708LaWERCLbWERCLcSSCd2024-03-31l0o 823 MENp261r2024-03-31w2024-03-31yL c3353d3353